Las finanzas de las empresas multinacionales
Gorde:
| Egile Nagusiak: | , |
|---|---|
| Formatua: | Liburua |
| Hizkuntza: | gaztelania |
| Argitaratua: |
Wilmington
Addison-Wesley Iberoamericana
1992
|
| Gaiak: | |
| Etiketak: |
Etiketa erantsi
Etiketarik gabe, Izan zaitez lehena erregistro honi etiketa jartzen!
|
MARC
| LEADER | 00000nam a2200000 a 4500 | ||
|---|---|---|---|
| 001 | UCX6526 | ||
| 003 | CL-VaPUC | ||
| 008 | 930715e19920000US |||||||||||||||||spa|d | ||
| 082 | 0 | 4 | |a 658.18 |b EIT |2 21 |
| 100 | 0 | |a Eiteman, David K |e author |9 323041 | |
| 700 | 0 | |a Stonehill, Arthur I |e author |9 323042 | |
| 245 | 1 | 4 | |a Las finanzas de las empresas multinacionales |
| 300 | |a 722 p | ||
| 942 | |c BK | ||
| 945 | |d 19930715 00:00:00 | ||
| 260 | |a Wilmington |b Addison-Wesley Iberoamericana |c 1992 | ||
| 650 | 7 | |a EMPRESAS INTERNACIONALES FINANZAS |2 CL-VaPUC |9 323043 | |
| 583 | |a last modification |c 19930715 00:00:00 |k Rodrigo Vera | ||
| 999 | |c 226531 |d 226529 | ||
| 952 | |0 0 |1 0 |4 0 |6 658_180000000000000_EIT_1992 |7 0 |8 A |9 224979 |a BIBENE |b BIBENE |d 2019-11-15 |i 2936844 |o 658.18 EIT 1992 |p 2936844 |r 2025-01-15 |w 2019-11-15 |y BK |k ICO | ||